000 00580nam a22001697a 4500
999 _c143883
_d143883
005 20181217154608.0
010 _aENG-120148
020 _c1175.00
_a9789381039625
035 _aEN-102680
037 _bDBAD/PUB
082 _a677.18 THE
245 _aThe complete book on jute and coir products :
_cby NPCS Board of Consultants & Engineers
_bwith cultivation and processing /
260 _aDelhi
_bNIIR Project Consultancy Services
_c2016
270 _bDelhi
_e110007
_a106 - A, Kamla Nagar
300 _a310p.
_c21cm(pbk)
_bill
942 _2ddc
_cEN
_mTHE
_h677.18